000 00731cam a22002293a 4500
001 30945
003 PGUSA
005 20140828083653.0
008 100112s2010||||xxu|||||s|||||000 | eng d
040 _aPGUSA
_beng
042 _adc
050 4 _aDT
100 1 _aSoveral, Luiz Augusto Pinto Soveral, visconde de,
_d1812-1905
245 1 0 _aMemoria ácerca dos Portuguezes na Abyssinia
_h[electronic resource] /
_cLuiz Augusto Pinto Soveral, visconde de Soveral
260 _bProject Gutenberg,
_c2010
506 _aPublic domain in the USA.
516 _aElectronic text
653 _aPortuguese -- Ethiopia -- History
830 0 _aProject Gutenberg
_v30945
856 4 0 _uhttp://www.gutenberg.org/ebooks/30945
942 _cEB
999 _c260200
_d260200